Continuidad y ruptura en la política latinoamericana /

Gorde:
Xehetasun bibliografikoak
Egile nagusia: Mires, Fernando
Formatua: Texto
Gaiak:
Etiketak: Etiketa erantsi
Etiketarik gabe, Izan zaitez lehena erregistro honi etiketa jartzen!

MARC

LEADER 00000 a a2200000 04500
001 45440
003
040
100 |a Mires, Fernando  
245 |a Continuidad y ruptura en la política latinoamericana /  |c Fernando Mires  
500 |a Antes se llamaba: ALAI SERVICIO MENSUAL DE INFORMACION Y DOCUMENTACION  
650 |a POLITICA  
650 |a ECONOMIA  
650 |a LATINOAMERICA  
773 |g volumen11, número94 ( Agosto, 1987)  
999 |c 31573  |d 31573